| 000 | 00550nam a2200217Ia 4500 | ||
|---|---|---|---|
| 003 | 0100 | ||
| 005 | 20160818084930.0 | ||
| 008 | 130307s9999 xx 000 0 und d | ||
| 040 | _cARRUPELIB | ||
| 050 | _aBR115.P7W49 2003 | ||
| 100 |
_aWermter, Oskar _915199 |
||
| 245 | _aPolitics for everyone and by everyone | ||
| 245 | _ba christian approach | ||
| 260 | _aNairobi | ||
| 260 | _bDaughters of st. Paul | ||
| 260 | _c2003 | ||
| 300 | _a136p. | ||
| 300 | _b23 cm. | ||
| 650 |
_aChristianity and politics _925209 |
||
| 942 |
_2lcc _cMONOGRAPH |
||
| 999 |
_c97886 _d97886 |
||